[Event "Trujillo Interclubes"]
[Site "Trujillo"]
[Date "2016.07.09"]
[Round "1"]
[White "Flores Aedo, Alexander Oliver M"]
[Black "Bancayan Maco, Jose"]
[Result "0-1"]
[WhiteElo "1467"]
[BlackElo "2167"]
[PlyCount "64"]
[EventDate "2016.07.09"]
[EventType "team-swiss"]
[EventRounds "6"]
[EventCountry "PER"]
[SourceTitle "EXT 2018"]
[Source "ChessBase"]
[SourceDate "2017.10.13"]
[SourceVersion "1"]
[SourceVersionDate "2017.10.13"]
[SourceQuality "1"]

1. Nf3 d5 2. g3 Nc6 3. Bg2 Nf6 4. d4 g6 5. c4 dxc4 6. Qa4 Bg7 7. Ne5 0-0 8. Nxc6 bxc6 9. Qxc6 Rb8 10. Qxc4 Be6 11. Qd3 c5 12. e3 cxd4 13. exd4 Bf5 14. Qd1 e5 15. 0-0 exd4 16. b3 Qd7 17. Bb2 Ne4 18. Re1 Rfe8 19. Bxe4 Bxe4 20. Nd2 Ba8 21. Rxe8+ Rxe8 22. Qf1 Bh6 23. Rd1 Qc6 24. f3 Be3+ 25. Kh1 d3 26. Kg2 Qc2 27. Bc1 Re6 28. Kh1 Rf6 29. h4 Bxd2 30. Rxd2 Rxf3 31. Kh2 Rxf1 32. Rxc2 Rh1# 0-1

[Event "Piura op"]
[Site "Piura"]
[Date "2013.??.??"]
[Round "6"]
[White "Bancayan Maco, Jose"]
[Black "Terry, Renato"]
[Result "1/2-1/2"]
[WhiteElo "2190"]
[BlackElo "2447"]
[PlyCount "92"]
[EventDate "2013.08.12"]
[EventType "swiss"]
[EventRounds "8"]
[EventCountry "PER"]
[SourceTitle "CBM 155 Extra"]
[Source "ChessBase"]
[SourceDate "2013.08.26"]
[SourceVersion "1"]
[SourceVersionDate "2013.08.26"]
[SourceQuality "1"]

1. c4 e5 2. b3 Nc6 3. Na3 Nf6 4. e3 Be7 5. Nc2 d5 6. Bb2 0-0 7. Nf3 e4 8. Ne5 Nxe5 9. Bxe5 c5 10. Be2 Be6 11. 0-0 dxc4 12. bxc4 Nd7 13. Bg3 Nb6 14. Na3 Bf5 15. Rb1 Qd7 16. Qc2 Rfd8 17. Rfd1 Qc6 18. Nb5 Qg6 19. a4 Nd7 20. Nc7 Rab8 21. Nd5 Bd6 22. d4 Qe6 23. Nc7 Qe7 24. Nd5 Qf8 25. Qc3 Bxg3 26. hxg3 b6 27. a5 cxd4 28. Qxd4 bxa5 29. Rxb8 Rxb8 30. Qxa7 Ra8 31. Qd4 Nc5 32. Qe5 Be6 33. Nc7 Rc8 34. Nxe6 fxe6 35. Bg4 Qf6 36. Qd6 a4 37. Rb1 Kf7 38. Rb5 Qe7 39. Qf4+ Qf6 40. Qd6 Qe7 41. Qf4+ Kg8 42. Qe5 Kf7 43. Qf4+ Qf6 44. Qd6 Qe7 45. Qf4+ Qf6 46. Qd6 Qe7 1/2-1/2

[Event "Piura op"]
[Site "Piura"]
[Date "2013.??.??"]
[Round "7"]
[White "Leiva Rodriguez, Jeammarco Giuseppe"]
[Black "Bancayan Maco, Jose"]
[Result "1-0"]
[WhiteElo "2406"]
[BlackElo "2190"]
[PlyCount "95"]
[EventDate "2013.08.12"]
[EventType "swiss"]
[EventRounds "8"]
[EventCountry "PER"]
[SourceTitle "CBM 155 Extra"]
[Source "ChessBase"]
[SourceDate "2013.08.26"]
[SourceVersion "1"]
[SourceVersionDate "2013.08.26"]
[SourceQuality "1"]

1. d4 d5 2. Nf3 Nf6 3. c4 e6 4. g3 Be7 5. Bg2 0-0 6. 0-0 Nbd7 7. Qc2 Ne4 8. Nc3 Nxc3 9. Qxc3 Bf6 10. b3 Re8 11. Bb2 c6 12. Rfd1 Qc7 13. Rac1 Qb6 14. h3 a5 15. a3 Qa6 16. Bf1 Qa7 17. Qc2 Qb8 18. e3 g6 19. h4 Qd6 20. Bd3 Qf8 21. h5 Qg7 22. Kg2 Nc5 23. Be2 a4 24. b4 Ne4 25. Rh1 Rf8 26. Rh2 Nd6 27. c5 Nf5 28. Rch1 g5 29. h6 Qg6 30. Bd3 g4 31. Ne5 Bxe5 32. dxe5 Bd7 33. Kf1 f6 34. exf6 Rxf6 35. Bxf6 Qxf6 36. Bxf5 exf5 37. Kg2 f4 38. gxf4 Bf5 39. Qd1 Be4+ 40. Kg3 Bf3 41. Qa1 Kf7 42. Qxf6+ Kxf6 43. Rb1 Rd8 44. Rh5 d4 45. exd4 Rxd4 46. Re5 Rd3 47. Re3 Rd4 48. Rbe1 1-0

[Event "Chiclayo Raffo Niquen IRT 1st"]
[Site "Chiclayo"]
[Date "2012.09.02"]
[Round "5"]
[White "Bancayan Maco, Jose"]
[Black "Uceda Leon, Miguel"]
[Result "1/2-1/2"]
[WhiteElo "2181"]
[BlackElo "2155"]
[PlyCount "27"]
[EventDate "2012.09.01"]
[EventType "swiss"]
[EventRounds "7"]
[EventCountry "PER"]
[SourceTitle "EXT 2013"]
[Source "ChessBase"]
[SourceDate "2012.11.22"]
[SourceVersion "1"]
[SourceVersionDate "2012.11.22"]
[SourceQuality "1"]

1. c4 e5 2. b3 g6 3. Bb2 Bg7 4. g3 d6 5. Bg2 Nf6 6. Na3 0-0 7. Nc2 c6 8. e3 Bf5 9. Ne2 Re8 10. 0-0 Nbd7 11. d4 Nf8 12. Rc1 h5 13. c5 Bxc2 14. Rxc2 1/2-1/2

[Event "PER-ch serie C"]
[Site "Lima"]
[Date "2002.??.??"]
[Round "2"]
[White "Bancayan Maco, Jose"]
[Black "Santivanez Montes, Mario"]
[Result "0-1"]
[WhiteElo "2030"]
[BlackElo "2235"]
[PlyCount "106"]
[EventDate "2002.09.09"]
[EventType "tourn"]
[EventRounds "9"]
[EventCountry "PER"]
[SourceTitle "CBM 090 Extra"]
[Source "ChessBase"]
[SourceDate "2002.11.07"]
[SourceVersion "1"]
[SourceVersionDate "2002.11.07"]
[SourceQuality "1"]

1. c4 c5 2. g3 Nc6 3. Bg2 g6 4. Nc3 Bg7 5. e3 Nf6 6. Nge2 d6 7. d4 cxd4 8. Nxd4 Bd7 9. 0-0 Qc8 10. b3 Bh3 11. Bb2 Bxg2 12. Kxg2 0-0 13. f3 Rd8 14. Nxc6 bxc6 15. Qe2 e5 16. e4 Qe6 17. Rad1 d5 18. exd5 cxd5 19. cxd5 Nxd5 20. Nxd5 Rxd5 21. Rxd5 Qxd5 22. Rd1 Qe6 23. Rd2 h5 24. Qe4 Rc8 25. Qb7 a6 26. Re2 Rd8 27. Qc7 Rd7 28. Qc8+ Kh7 29. Qc4 Qd6 30. h3 f6 31. Qc2 Bh6 32. g4 h4 33. Qe4 Qb6 34. Bc3 Rd1 35. Be1 Bg5 36. Bf2 Qb5 37. Qc4 Qxc4 38. bxc4 Rc1 39. c5 Kg7 40. Rb2 f5 41. gxf5 gxf5 42. Rb7+ Kg6 43. Rb6+ Kh5 44. Rxa6 Rc2 45. Kf1 Rc1+ 46. Kg2 Rc2 47. Kf1 Bf4 48. Ra8 Bg3 49. Be3 f4 50. Bg1 e4 51. fxe4 f3 52. Be3 Re2 53. Rh8+ Kg6 0-1

[Event "PER-ch sf 48th"]
[Site "Lima"]
[Date "2000.??.??"]
[Round "4"]
[White "Bancayan Maco, Jose"]
[Black "Alarcon, Ruy"]
[Result "0-1"]
[WhiteElo "2014"]
[BlackElo "2188"]
[PlyCount "86"]
[EventDate "2000.07.24"]
[EventType "swiss"]
[EventRounds "9"]
[EventCountry "PER"]
[SourceTitle "EXT 2001"]
[Source "ChessBase"]
[SourceDate "2000.11.22"]
[SourceVersion "1"]
[SourceVersionDate "2000.11.22"]
[SourceQuality "1"]

1. c4 c5 2. g3 Nc6 3. Bg2 g6 4. Nc3 Bg7 5. Rb1 Nf6 6. Nf3 0-0 7. 0-0 d6 8. d3 Bg4 9. a3 Qd7 10. b4 b6 11. b5 Na5 12. Ng5 Rad8 13. Nd5 h6 14. Nxf6+ exf6 15. Ne4 f5 16. f3 fxe4 17. fxg4 Qxg4 18. Bxe4 Qe6 19. Bd5 Qe7 20. e4 Rd7 21. Qg4 Kh7 22. Bd2 Nb7 23. Rf3 Nd8 24. Rbf1 a6 25. bxa6 Ra7 26. Qc8 Ne6 27. Bxe6 Rxc8 28. Bxc8 Bd4+ 29. Kg2 f6 30. Rb1 Qe8 31. Bb7 Qa4 32. e5 Qc2 33. exf6 Qxb1 34. f7 Bg7 35. f8Q Bxf8 36. Rxf8 Qxd3 37. Bf4 Qxc4 38. Bxd6 Rxb7 39. axb7 Qd5+ 40. Kf2 Qxb7 41. Be5 g5 42. g4 Qe4 43. Rh8+ Kg6 0-1

[Event "PER-ch sf 48th"]
[Site "Lima"]
[Date "2000.??.??"]
[Round "1"]
[White "Garcia, Javier"]
[Black "Bancayan Maco, Jose"]
[Result "1-0"]
[WhiteElo "2314"]
[BlackElo "2014"]
[PlyCount "85"]
[EventDate "2000.07.24"]
[EventType "swiss"]
[EventRounds "9"]
[EventCountry "PER"]
[SourceTitle "EXT 2001"]
[Source "ChessBase"]
[SourceDate "2000.11.22"]
[SourceVersion "1"]
[SourceVersionDate "2000.11.22"]
[SourceQuality "1"]

1. d4 Nf6 2. c4 d6 3. Nc3 g6 4. e4 Bg7 5. Nf3 c6 6. Be2 0-0 7. 0-0 b6 8. Re1 Qc7 9. e5 dxe5 10. Nxe5 Bb7 11. Bf4 Qc8 12. Bf3 Rd8 13. Bg3 Nbd7 14. Qe2 Nf8 15. Rad1 Re8 16. h3 h6 17. Qe3 b5 18. cxb5 cxb5 19. Nxb5 Bxf3 20. Qxf3 Rb8 21. Rc1 Qb7 22. Nc7 Qxb2 23. Nxe8 Rxe8 24. Qb3 Qxb3 25. axb3 Nd5 26. Rc5 e6 27. Ra5 Rb8 28. Nxg6 Rxb3 29. Nxf8 Kxf8 30. Be5 Bxe5 31. dxe5 Nf4 32. Rxa7 h5 33. Ra5 Kg7 34. h4 Nd3 35. Re2 Kg6 36. g3 Rb1+ 37. Kh2 Kf5 38. Ra7 Kg6 39. Ra3 Rd1 40. Ra8 Kf5 41. Rg8 f6 42. exf6 Kxf6 43. Rh8 1-0